100 ideas: el libro para pensar y discutir en el café

Sábháilte in:
Sonraí bibleagrafaíochta
Príomhchruthaitheoir: Bunge, Mario (Údar)
Formáid: LEABHAR
Teanga:Spáinnis
Foilsithe / Cruthaithe: Buenos Aires Sudamericana 2007
Eagrán:3a. ed
Ábhair:
Clibeanna: Cuir clib leis
Níl clibeanna ann, Bí ar an gcéad duine le clib a chur leis an taifead seo!

MARC

LEADER 00000nam a2200000 a 4500
001 UCG5205
003 CL-VaPUC
008 110113e20070400AG |||||||||||||||||spa|d
020 |a 9789500727624 
082 0 4 |a Ar864  |b BUN  |2 21 
100 0 |a Bunge, Mario  |e author  |9 554816 
245 1 0 |a 100 ideas: el libro para pensar y discutir en el café 
250 |a 3a. ed 
300 |a 256 p 
942 |c BK 
945 |d 20110113 00:00:00  |a dcastane 
260 |a Buenos Aires  |b Sudamericana  |c 2007 
650 0 |a Ensayos argentinos  |9 269128 
650 7 |a FILOSOFOS ARGENTINOS  |2 CL-VaPUC  |9 464631 
650 0 |a Filosofía moderna  |9 258121 
583 |a last modification  |c 20170531 10:56:24  |k Rodrigo Vera 
999 |c 343773  |d 343771 
952 |0 0  |1 0  |4 0  |6 AR_864_000000000000000_BUN_2007  |7 0  |8 A  |9 441354  |a BIBEDU  |b BIBEDU  |d 2019-11-22  |i 4747895  |o Ar864 BUN 2007  |p 4747895  |r 2019-11-22  |w 2019-11-22  |y BK  |k FIL